书目信息 |
| 题名: |
加筋土结构分析理论与工程应用新技术
|
|
| 作者: | 彭立 , 黄向京 , 杨果林 著 | |
| 分册: | ||
| 出版信息: | 北京 中国铁道出版社 2007 |
|
| 页数: | 284页 | |
| 开本: | 26cm | |
| 丛书名: | ||
| 单 册: | ||
| 中图分类: | TU361 | |
| 科图分类: | ||
| 主题词: | 加筋土--jia jin tu--新技术应用 , 加筋土--jia jin tu--结构分析 | |
| 电子资源: | ||
| ISBN: | 978-7-113-07690-0 | |
| 000 | 01181nam0 2200253 450 | |
| 001 | 012004132153 | |
| 005 | 20080927145904.39 | |
| 010 | @a978-7-113-07690-0@dCNY35.00 | |
| 100 | @a20070511d2007 em y0chiy0110 ea | |
| 101 | 0 | @achi |
| 102 | @aCN@b110000 | |
| 105 | @aa z 000yy | |
| 200 | 1 | @a加筋土结构分析理论与工程应用新技术@Ajia jin tu jie gou fen xi li lun yu gong cheng ying yong xin ji shu@f杨果林, 彭立, 黄向京著 |
| 210 | @a北京@c中国铁道出版社@d2007 | |
| 215 | @a284页@c图@d26cm | |
| 330 | @a本书主要介绍了加筋土结构的研究现状与发展趋势;深入研究了加筋土结构的强度、稳定性、本构关系;进行了加筋土结构动力特性模型试验、动态响应分析与数值计算;加筋土的筋材流变特性分析与蠕变试验;对高速铁路桥台加筋过渡段、高速公路膨胀处治技术、加筋膨胀土结构进行了理论分析与试验研究;探讨了加筋膨胀土地基的设计方法,并提出设计了三种新型加筋土挡土结构,对其进行了理论分析并修筑了实体工程。 | |
| 606 | 0 | @a加筋土@Ajia jin tu@x新技术应用 |
| 606 | 0 | @a加筋土@Ajia jin tu@x结构分析 |
| 690 | @aTU361@v4 | |
| 701 | 0 | @a彭立@Apeng li@4著 |
| 701 | 0 | @a黄向京@Ahuang xiang jing@4著 |
| 701 | 0 | @a杨果林@Ayang guo lin@4著 |
| 801 | @aCN@bMarcStudio@c20080927 | |
| 905 | @aZUCC@dTU361@eY180 | |
| 加筋土结构分析理论与工程应用新技术/杨果林, 彭立, 黄向京著.-北京:中国铁道出版社,2007 |
| 284页:图;26cm |
| ISBN 978-7-113-07690-0:CNY35.00 |
| 本书主要介绍了加筋土结构的研究现状与发展趋势;深入研究了加筋土结构的强度、稳定性、本构关系;进行了加筋土结构动力特性模型试验、动态响应分析与数值计算;加筋土的筋材流变特性分析与蠕变试验;对高速铁路桥台加筋过渡段、高速公路膨胀处治技术、加筋膨胀土结构进行了理论分析与试验研究;探讨了加筋膨胀土地基的设计方法,并提出设计了三种新型加筋土挡土结构,对其进行了理论分析并修筑了实体工程。 |
| ● |
| 相关链接 |
|
|
|
正题名:加筋土结构分析理论与工程应用新技术
索取号:TU361/Y180
 
预约/预借
| 序号 | 登录号 | 条形码 | 馆藏地/架位号 | 状态 | 备注 |
| 1 | 840600 | 208406009 | 建筑库101/101建筑库 84排2列5层/ [索取号:TU361/Y180] | 在馆 | |
| 2 | 840601 | 208406018 | 建筑库101/101建筑库 84排2列5层/ [索取号:TU361/Y180] | 在馆 | |
| 3 | 840602 | 208406027 | 建筑库101/101建筑库 84排2列5层/ [索取号:TU361/Y180] | 在馆 |